00262nam a2200097Ia 4500008004100000082001800041100002100059245005200080260002300132300000900155210430s9999 xx 000 0 und d a620.5 S9611 N aDr. Shalini Suri aNano Technology Basic SciencecDr. Shalini Suri aIndiabA P Hc2009 a293P